000 00668nas a2200241 4500
001 BR9501848
003 BR-BrBNA
005 20231205094016.0
007 ta
008 230509b bl.|||p| |||| 00| 00por d
040 _aBR-BrBNA
_bpor
_cBiblioteca Nacional de Agricultura
041 _a(Es)
072 _aL73
100 1 _aLouge, E.B.
100 1 _aInidep, H.E.C.
245 1 _aAplasia testicular en merluza Merluccius hubbsi
650 _aMerluza
650 _aTesticulo
650 _aDoenca Animal
773 0 _tAtlantica (Brazil)
_xISSN 0102-1656
_g(1992), v. 14 p. 121-127
_wBR9501848
909 _a202311
_bLúcia
_c55
_dLúcia Elande
942 _2AGRIS
_n0
_cANA
999 _c141568
_d141568